000 00262nam a22001217a 4500
008 170925b xxu||||| |||| 00| 0 eng d
041 _aeng
080 _24 ED
_a37
100 _a46
101 _aEDU
245 _aREADERS CHOISE
_cSILBESTRN.S
942 _2udc
_cBK
999 _c29524
_d29524